000
00251nam a2200109Ia 4500
008
220204s9999 xx 000 0 und d
082
_a
82-3
_b
SHU;1
100
_a
Shulman, A K
245
0
_a
Burning questions
260
_a
New York
_b
Bantam
942
_c
BK
999
_c
35160
_d
35160